| 000 | 00433nam a22001571a 4500 | ||
|---|---|---|---|
| 020 | _a9788185268712 | ||
| 082 |
_aS 294.551 3 _bALO/P |
||
| 100 |
_aAlokmani Tripathi _9150431 |
||
| 245 |
_aPasupata saiva dharma evem darsana (vol.1 part:1-3)/ _cby Alokmani Tripathi |
||
| 260 |
_aDelhi: _bPratibha, _c1998. |
||
| 300 | _a276p. | ||
| 650 |
_aSaivism _9150432 |
||
| 650 |
_aHinduism _9150433 |
||
| 650 |
_aReligion _9150434 |
||
| 942 | _cBK | ||
| 999 |
_c33762 _d33762 |
||